[Teória a politika zamestnanosti]
Monografia Teória a politika zamestnanosti je rozdelená do 8. kapitol. Pojednáva o problémoch a otázkach trhu práce, ľudského kapitálu a produktivity práce. Monografia reaguje na sociálno-ekonomické zmeny, pričom využíva najnovšie poznatky.
Enregistré dans:
| Auteur principal: | |
|---|---|
| Format: | Chapitre de livre |
| Langue: | slovaque |
| Sujets: | |
| Tags: |
Pas de tags, Soyez le premier à ajouter un tag!
|
MARC
| LEADER | 00000naa$a2200000$$$4500 | ||
|---|---|---|---|
| 001 | 0008918 | ||
| 005 | 20230808081430.1 | ||
| 041 | 0 | |a slo | |
| 044 | |a SK | ||
| 245 | 1 | 0 | |a [Teória a politika zamestnanosti] |c rec. Silvia Ošková |
| 520 | |a Monografia Teória a politika zamestnanosti je rozdelená do 8. kapitol. Pojednáva o problémoch a otázkach trhu práce, ľudského kapitálu a produktivity práce. Monografia reaguje na sociálno-ekonomické zmeny, pričom využíva najnovšie poznatky. | ||
| 610 | 2 | 0 | |a recenzie |
| 610 | 2 | 0 | |a trh práce |
| 610 | 2 | 0 | |a politika zamestnanosti |
| 610 | 2 | 0 | |a produktivita práce |
| 610 | 2 | 0 | |a kapitál ľudský |
| 610 | 2 | 0 | |a vzdelanosť |
| 610 | 2 | 0 | |a nezamestnanosť |
| 100 | 1 | |a Ošková, Silvia, 1979- | |